Medidas para contrarrestar la inflación y el desempleo /

Saved in:
Bibliographic Details
Main Author: Torres Gaitán, Ricardo
Format: Text
Subjects:
Tags: Add Tag
No Tags, Be the first to tag this record!

MARC

LEADER 00000 a a2200000 04500
001 41988
003
040
100 |a Torres Gaitán, Ricardo  
245 |a Medidas para contrarrestar la inflación y el desempleo /  |c Ricardo Torres Gaitán  
650 |a INFLACION  
650 |a DESEMPLEO  
650 |a MEXICO  
650 |a DEUDA EXTERNA  
773 |g volumen21, número80 ( , 1990), páginas 307-320  
999 |c 33560  |d 33560